Taschenbuch der Mathematik /

Hlavní autor: Bronštejn, Il‘ja Nikolajevič, 1903-1976
Další autoři: Semendjajev, Konstantin Adol‘fovič, 1908-1988
Jazyk: Němčina
Vydáno: Leipzig : B.G. Teubner, 1985
Vydání: 22. Aufl.
Fyzický popis: 12, 840 s.
Knihy
Uloženo v:
LEADER 00784nam a22002292a 4500
001 000447406
003 CZ BrMZK
005 20120502141814.0
007 ta
008 040211s1985 xo er|||||||||||ger d
040 |a BOA001  |b cze  |c BOA001 
100 1 |a Bronštejn, Il‘ja Nikolajevič,  |d 1903-1976  |7 mzk2003217321  |4 aut 
245 1 0 |a Taschenbuch der Mathematik /  |c I.N. Bronstein, K.A. Semendjajew 
250 |a 22. Aufl. 
260 |a Leipzig :  |b B.G. Teubner,  |c 1985 
300 |a 12, 840 s. 
504 |a Bibliografie na s. 811-814 
700 1 |a Semendjajev, Konstantin Adol‘fovič,  |d 1908-1988  |7 jx20050819016  |4 aut 
910 |a BOA001  |b PK-0087.088-85 
990 |a BK 
991 |b 200506 
996 7 |b 3119833888  |c PK-0087.088-85  |l MZK  |r Sklad / do 1 hodiny  |n 0  |w 000447406  |u 000010  |a 1  |e BOA001  |j MZK50  |s A